Restoration or castles in the air? (Record no. 73724)

MARC details
000 -LEADER
fixed length control field 01082cam a2200229 4500
001 - CONTROL NUMBER
control field ABS67139
008 - FIXED-LENGTH DATA ELEMENTS--GENERAL INFORMATION
fixed length control field 031030n2003 000 0 eng u
035 ## - SYSTEM CONTROL NUMBER
System control number (Sirsi) u124196
100 ## - MAIN ENTRY--PERSONAL NAME
Personal name Priestley, R.
245 ## - TITLE STATEMENT
Title Restoration or castles in the air?
260 ## - PUBLICATION, DISTRIBUTION, ETC.
Date of publication, distribution, etc. 2003
490 ## - SERIES STATEMENT
Series statement Journal of the Law Society of Scotland
Volume/sequential designation 48(9) September 2003, 52(1)
520 ## - SUMMARY, ETC.
Summary, etc. Examines the system for preserving historic buildings in Scotland. Points out that important buildings in Scotland are protected by the Planning (Listed Buildings and Conservation Areas) (Scotland) Act 1997, which prevents their demolition or alteration or extension which changes its character. However, lack of funds may interfere with intentions to preserve historic buildings.
590 ## - LOCAL NOTE (RLIN)
Local note ABS
650 ## - SUBJECT ADDED ENTRY--TOPICAL TERM
Topical term or geographic name entry element PLANNING (LISTED BUILDINGS AND CONSERVATION AREAS)(SCOTLAND) ACT 1997
650 ## - SUBJECT ADDED ENTRY--TOPICAL TERM
Topical term or geographic name entry element SCOTLAND
650 ## - SUBJECT ADDED ENTRY--TOPICAL TERM
Topical term or geographic name entry element LISTED BUILDINGS
650 ## - SUBJECT ADDED ENTRY--TOPICAL TERM
Topical term or geographic name entry element CONSERVATION AREAS.
690 ## - LOCAL SUBJECT ADDED ENTRY--TOPICAL TERM (OCLC, RLIN)
Topical term or geographic name as entry element BUILT ENVIRONMENT-BUILDING MAINTENANCE AND REFURBISHMENT-BUILDING CONSERVATION
700 ## - ADDED ENTRY--PERSONAL NAME
Personal name Mair, C.
942 ## - ADDED ENTRY ELEMENTS (KOHA)
Suppress in OPAC 0
Holdings
Withdrawn status Lost status Source of classification or shelving scheme Damaged status Not for loan Home library Current library Shelving location Date acquired Total Checkouts Full call number Barcode Date last seen Copy number Price effective from Koha item type
    Dewey Decimal Classification     London London Journal article 30/10/2003   ABS67139 124196-1001 06/08/2019 1 06/08/2019 Journal article